| Tag |
First Indicator |
Second Indicator |
Subfields |
| LEADER |
00000cam a22000001a 4500 |
| 001 |
in00003325813 |
| 006 |
m d f |
| 007 |
cr bn mmmapmmp |
| 008 |
101209s2006 dcu o f000 0 eng d |
| 005 |
20260501140455.0 |
| 035 |
|
|
|a cis2007857418
|
| 040 |
|
|
|a ProQuest
|c ProQuest
|d UtOrBLW
|
| 043 |
|
|
|a n-us---
|
| 099 |
|
|
|a CRS-2006-RSI-0648
|
| 110 |
2 |
|
|a Library of Congress.
|b Congressional Research Service.
|
| 245 |
1 |
0 |
|a Assistance to Firefighters Program.
|
| 264 |
|
1 |
|a [Place of publication not identified] :
|b [publisher not identified],
|c 2006.
|
| 300 |
|
|
|a 1 online resource.
|
| 336 |
|
|
|a text
|b txt
|2 rdacontent
|
| 337 |
|
|
|a computer
|b c
|2 rdamedia
|
| 338 |
|
|
|a online resource
|b cr
|2 rdacarrier
|
| 500 |
|
|
|a Record is based on bibliographic data in ProQuest U.S. Congressional Research Digital Collection (last viewed Dec. 2010). Reuse except for individual research requires license from ProQuest, LLC.
|
| 500 |
|
|
|a CRS Report.
|
| 520 |
|
|
|a Provides overview of the assistance to firefighters program, also known as the FIRE Act grant program, established by Title XVII of P.L. 106-398, the FY2001 National Defense Authorization Act, to provide Federal grants directly to local fire departments to help address a variety of equipment, training, and other firefighter-related needs. Summarizes appropriated funding for firefighter assistance, and issues for the 109th Congress.
|
| 500 |
|
|
|a Electronic resource.
|
| 650 |
|
0 |
|a Federal aid.
|
| 650 |
|
0 |
|a Fire fighters.
|
| 650 |
|
0 |
|a Expenditures, Public.
|
| 655 |
|
7 |
|a Electronic books.
|2 local
|
| 710 |
2 |
|
|a ProQuest (Firm)
|
| 776 |
0 |
8 |
|i Microfiche version:
|a Library of Congress. Congressional Research Service.
|t Assistance to Firefighters Program
|
| 830 |
|
0 |
|a U.S. Congressional Research.
|
| 856 |
4 |
0 |
|u http://proxy.library.tamu.edu/login?url=https://congressional.proquest.com/congcomp/getdoc?CRDC-ID=CRS-2006-RSI-0648
|z Connect to the full text of this electronic book
|t 0
|
| 999 |
|
|
|a MARS
|
| 999 |
f |
f |
|s ec94024f-1fe3-32c9-b463-ccadadfc1b03
|i e650f958-3afa-3e20-bbb4-8966218fb0d4
|t 0
|
| 952 |
f |
f |
|a Texas A&M University
|b College Station
|c Electronic Resources
|s www_evans
|d Available Online
|t 0
|e CRS-2006-RSI-0648
|h Other scheme
|
| 998 |
f |
f |
|a CRS-2006-RSI-0648
|t 0
|l Available Online
|